000 00667 a2200193 4500
999 _c7904
_d7904
020 _a9780393062014 (hc.)
050 0 0 _aML419 NOL 2010
100 1 _aNolan, Tom.
245 1 0 _aThree Chords for Beauty's Sake :
_bthe Life of Artie Shaw /
_cTom Nolan.
264 _aNew York:
_bW.W. Norton & Company,
_c2010.
300 _axv, 430 p., [8] p. of plates :
_bill. ;
500 _aincludes index
504 _aIncludes bibliographical references
650 0 _aJazz musicians
650 0 _aShaw, Artie, -- 1910-2004.
651 _aUnited States.
942 _2lcc
_cBK
_h419
_iNOL
_kML